LEADER 01293nam a2200301 a 4500 001 000000137472 003 CaOOAMICUS 005 20140225100552.0 008 140225s2002 gw u000 u ger r 020 $z3825849961* 040 $aPUL$bita 082 04$a270.3 100 1 $aCygler, Florent.$0(OLS)http://pul/name/88598 245 14$aDas Generalkapitel im hohen Mittelalter :$bCisterzienser, Pramonstratenser, Kartauser und Cluniazenser /$cFlorent Cygler. 260 $aMünster :$bLIT,$cİ2002. 300 $aVIII, 531 p. ;$c24 cm 490 1 $aVita regularis ;$v12 504 $aBibliografia p. [487]-525. 650 4$aMonachismo e ordini religiosi.$0(OLS)http://pul/subject/757 830 0$aVita regularis ;$v12.$0(OLS)http://pul/title/174041 850 $aPUL 852 $aPUL$W1$xSL Religione 3$y85$m270. 3 COLL 1.1.12$j158477$qDDC 21$B157994$CPULBib$Z2$F157994 $H123510 $82 941 1 $a9 996 $6020$z3825849961*$9(OLS)http://pul/number/154580 996 $6082$a270.3$9(OLS)http://pul/classification/2546 996 $6245$aDas Generalkapitel im hohen Mittelalter :$bCisterzienser, Pramonstratenser, Kartauser und Cluniazenser$9(OLS)http://pul/title/174044 996 $6260$aMünster :$bLIT$9(OLS)http://pul/publisher/72107 LEADER 01055nam a2200241 u 4500 001 000000078675 003 CaOOAMICUS 005 20070226123445.0 008 040511s1985 it u000 u ita u 035 $a10994531 040 $aPUL$bita 100 1 $aCozzoli, Mauro,$d1946-$0(OLS)http://pul/name/38463 245 10$aEssere è co-essere :$bla natura e la vocazione sociale della persona /$cdi Mauro Cozzoli. 260 $aBologna :$bDehoniane,$c1985. 300 $ap. 69-94 ;$c19 cm 500 $aEstratto da: L'etica tra quotidiano e remoto : studi in onore di G. Mattai. 504 $aBibliografia in nota. 650 4$aEtica cristiana.$0(OLS)http://pul/subject/1395 850 $aPUL 852 $aPUL$W1$xDP1 Miscellanee$y10$mMisc.Phil.C$j100854$nBK-PRI$b $qStampati Miscellanee$B100858$CPULBib$Z2$F100858 $HPUL94802 $81 941 1 $a17 996 $6245$aEssere è co-essere :$bla natura e la vocazione sociale della persona$9(OLS)http://pul/title/103033 996 $6260$aBologna :$bDehoniane$9(OLS)http://pul/publisher/48655